00446nam a2200145Ia 4500003000900000008004100009040001600050080001700066245007400083260003500157300001400192650004100206650002400247700002900271IN-BaIIA211028s9999 xx 000 0 eng d cIIA Library a530.1bADV-2 0aAdvances in theoretical physicsbvol. 2cedited by Keith A. Brueckner aNew YorkbAcademic Pressc1968 axi, 175p. aAstronomy and astrophysics thesaurus aTheoretical physics aBrueckner, Keith A., ed.